00975njm a2200277Ia 450000100060000000300090000600500170001500800410003204000130007304000130008604100130009910000180011210000180013010000380014824500220018625000110020826000090021926000620022830000100029030000290030050000380032950501340036765000520050170000820055370000620063525652IT-RoPAU20220918181150.0131025s9999 xx 000 0 und d aIT-RoPAU cIT-RoPAU aITALIANO aSimone Franco eAutore musica gCodice autore musica SPICS: 11553 aGente che conosco a1a ed. aROMA bWEA ITALIANAc1982 [1a Ed.:1982 - Ed. Lingua Orig.: 1982] aDISCO c30 minuti (Testo: pag.) aCanzone italiana. Musica leggera. aSogno della galleria - Leopardi - Maquillage - Gente che conosco - Le nuove canzoni - Sogno dell'esame - Francesca - Io e Firenze aCANTAUTORI [DISCHI]eCodice MATERIA SPICS: 9950 aSimone FrancoeAutore testo e musicagCodice autore testo/musica SPICS: 11553 aSimone FrancogCodice interprete SPICS: 11553eInterprete